000 00297nam a2200145Ia 4500
100 _aStevens/Richard W
250 _a2
942 _cBK
654 _aUnix
245 _aUNIX Network Programming
260 _bMcGraw - Hill
_c2002
082 _a5.133
_bSTE
300 _a1009
546 _aENGLISH
999 _c28756
_d28756